000 00556nam a2200229Ia 4500
003 OSt
005 20221005130934.0
006 a|||||r|||| 00| 0
007 ta
008 221004b |||||||| |||| 00| 0 kan d
024 _a59056
037 _cTextual
040 _aCRL
_cCRL
_bkan
041 _2kan
_akan
082 _aI, 33L6
100 _aSankapur M S Au.
_9638892
245 0 _aSasyagalli vikas pravarutti
260 _c1976
650 _aBOTANY
942 _hI, 33L6
_cTEXL
_2cc
999 _c1058863
_d1058863